Statistics for Last Names from Parks and Recreation

Click here to take the quiz!

General Stats

  • This quiz has been taken 1,526 times
    (1,425 since last reset)
  • The average score is 10 of 12

Answer Stats

Hint Answer % Correct
LeslieKnope
99%
RonSwanson
98%
AnnPerkins
93%
AprilLudgate
91%
TomHaverford
91%
AndyDwyer
87%
BenWyatt
81%
PerdHapley
77%
ChrisTraeger
73%
JerryGergich
71%
DonnaMeagle
58%
Jean-RalphioSaperstein
46%

Score Distribution

Percentile by Number Answered

Percent of People with Each Score

Your Score History

You have not taken this quiz since the last reset